Pregnancy and child care / (Record no. 135271)

MARC details
000 -LEADER
fixed length control field 00700nam a22002417a 4500
003 - CONTROL NUMBER IDENTIFIER
control field dpl
005 - DATE AND TIME OF LATEST TRANSACTION
control field 20190123155147.0
008 - FIXED-LENGTH DATA ELEMENTS--GENERAL INFORMATION
fixed length control field 190123b ||||| |||| 00| 0 eng d
010 ## - LIBRARY OF CONGRESS CONTROL NUMBER
LC control number B-108573
020 ## - INTERNATIONAL STANDARD BOOK NUMBER
Terms of availability 95.00
035 ## - SYSTEM CONTROL NUMBER
System control number B-108573, B-108599
037 ## - SOURCE OF ACQUISITION
Source of stock number/acquisition Cen Lib/Ret
040 ## - CATALOGING SOURCE
Original cataloging agency DPL
Language of cataloging EN
Transcribing agency 0
082 ## - DEWEY DECIMAL CLASSIFICATION NUMBER
Classification number 618.2
Item number GOE
100 ## - MAIN ENTRY--PERSONAL NAME
Personal name Goel, Satish
9 (RLIN) 19612
245 ## - TITLE STATEMENT
Title Pregnancy and child care /
Statement of responsibility, etc by Satish Goel
260 ## - PUBLICATION, DISTRIBUTION, ETC. (IMPRINT)
Place of publication, distribution, etc New Delhi
Name of publisher, distributor, etc Diamond Books
Date of publication, distribution, etc 2004
270 ## - ADDRESS
Address X-30, Okhla industrail area Phase - ll
City New Delhi
Postal code 110020
300 ## - PHYSICAL DESCRIPTION
Extent 181p.
Dimensions 21cm(Hb)
650 ## - SUBJECT ADDED ENTRY--TOPICAL TERM
Topical term or geographic name as entry element Child care
9 (RLIN) 10040
650 ## - SUBJECT ADDED ENTRY--TOPICAL TERM
Topical term or geographic name as entry element Pregnancy care
9 (RLIN) 85807
942 ## - ADDED ENTRY ELEMENTS (KOHA)
Source of classification or shelving scheme Dewey Decimal Classification
Koha item type English Books
Classification part 618.2
Call number suffix GOE
Holdings
Withdrawn status Lost status Damaged status Not for loan Home library Current library Date acquired Source of acquisition Cost, normal purchase price Total Checkouts Total Renewals Full call number Barcode Date last seen Date checked out Copy number Cost, replacement price Price effective from Koha item type Source of classification or shelving scheme Collection code
        Central Library Central Library 03/10/2015 Cen Lib/Ref 95.00 3 1 618.2 GOE B-108573 20/08/2019 01/08/2019 1 95.00 03/10/2015 English Books    
        Vigyan Vihar Vigyan Vihar 23/01/2019 BPPD/PUB 95.00     618.2 GOE B-108599 23/01/2019     95.00 23/01/2019 English Books Dewey Decimal Classification Non-fiction

© Delhi Public Library
Hit Counter
free hit counter